000 00820nam0a22002531 4500
001 rc\1040057
005 20250622090200.0
035 _a(NLR Aleph) 006202653
090 _a6283902
_c6283902
100 _a20041129d1981 |||y0rusy50 ca
101 0 _arus
102 _aRU
105 _aa |||||||||
200 1 _aВихревые потоки
210 _aНовосибирск
_cНаука. Сиб. отд-ние
_d1981
215 _a366 с.
_cил.
_d20
300 _aВ надзаг.: АН СССР, Сиб. отд-ние, Ин-т теплофизики
320 _aБиблиогр.: с. 347-365 (484 назв.)
700 1 _aГольдштик
_bМ.А.
_gМихаил Александрович
801 0 _aRU
_bNLR
_gpsbo
801 1 _aRU
_bELAR
_2rusmarc
852 _aNLR
_j82-3/2635
942 _cBOOK
980 _aNB